Country Quiz: Venezuela 🇻🇪 - Statistics

General Stats
  • This quiz has been taken 15 times
  • The average score is 16 of 28
Answer Stats
Hint Answer % Correct
Capital Caracas
90%
Between 1521-1810s, Venezuela was colonised by this country Spain
90%
Language Spanish
90%
Climate Tropical
90%
Nationality Venezuelan
90%
Time zones 1 (UTC-4)
80%
Main Religion Christianity
80%
National Sport Football
80%
Most Famous Leader (1999-2013) Hugo Chávez
80%
Bordering Oceans Atlantic ocean
70%
Bordering Seas Caribbean sea
70%
In 1498, these two explorers arrived in present-day Venezuela Christopher Columbus
70%
During the reign (1908-35) of dictator, Juan Vicente Gomez, Venezuela became the largest exporter of this source of energy Oil
70%
Venezuela have been deemed one of the countries with the most beautiful..... Women
70%
Independence 1811
60%
Home to the tallest waterfalls in the world Angel Falls
60%
In 2019, this U.S. President was accused (by Venezuela's incumbent president) of ordering a hit on the incumbent President of Venezuela Donald Trump
60%
Second-Largest City Maracaibo
60%
Disgraced incumbent leader (2013-) Nicolás Maduro
60%
State-Condition Republic
60%
Founding Father Simon Bolivar
60%
Currency Bolivar
50%
Between 1819-1830, Venezuela, Ecuador, Panama and Colombia (and portions of Brazil, Peru and Guyana), formed this short-lived federal republic Gran Colombia
40%
Since 1899, Venezuela has claimed authority to the entire western half of Guyana, the western of Guyana is situated in this region. In 2023, a referendum was held in Venezuela where the majority of the population were in favour of annexing the entire western part of Guyana Essequibo
10%
Alonso de Ojeda
0%
Leader (1870-88) who attracted foreign investment, modernised the infrastructure and developed the agriculture and educational systems in Venezuela Antonio Guzman Blanco
0%
First democratically elected leader (1948), overthrown after less than ten months in office Romulo Gallegos
0%
Main export (goods) Scrap Iron
0%
No matching quizzes found
Score Distribution
Percent of People with Each Score
Percentile by Number Answered
Your Score History
You have not taken this quiz